[Event "Mittelrhein Verbandsliga West 1920"]
[Site "Mittelrhein"]
[Date "2020.01.19"]
[Round "5.8"]
[White "Krings, Lukas"]
[Black "Titz, Peter"]
[Result "0-1"]
[WhiteElo "1432"]
[BlackElo "1726"]
[PlyCount "58"]
[EventDate "2019.09.29"]
[EventType "team-tourn"]
[EventRounds "9"]
[EventCountry "GER"]
[SourceTitle "EXT 2023"]
[Source "ChessBase"]
[SourceDate "2022.10.05"]
[SourceVersion "1"]
[SourceVersionDate "2022.10.05"]
[SourceQuality "1"]
[WhiteTeam "Kalterherberg"]
[BlackTeam "Lendersdorf"]
[WhiteTeamCountry "GER"]
[BlackTeamCountry "GER"]

1. Nf3 d5 2. d4 e6 3. e3 Nf6 4. c4 Be7 5. Nc3 b6 6. b3 0-0 7. Bb2 Bb7 8. cxd5 exd5 9. Bd3 Nbd7 10. 0-0 c5 11. Rc1 a6 12. Re1 Re8 13. Qc2 g6 14. h3 Rc8 15. dxc5 Nxc5 16. Qe2 b5 17. a3 Nxb3 18. Rcd1 Qa5 19. Nb1 Nc5 20. Rc1 Nce4 21. Nd4 Nd6 22. Bc3 Qd8 23. Rc2 Nc4 24. Bb4 Bxb4 25. axb4 Qe7 26. Bxc4 dxc4 27. Rb2 Nd5 28. Nc2 Nf4 29. Qg4 Nd3 0-1